00613nam a2200121 a 450000100100000000500170001000800410002704000250006811000700009324502180016326000820038130000280046300003054620200930062354.0110523q1936 dr c 000 | spa d aDO-SdBNPbspacBNPHU1 aRepública Dominicana.bPresidente (1942-1952 : Trujillo Molina)10aDiscurso pronunciado por el generalísimo Doctor Rafael Leónidas Trujillo Molina, Presidente de la República, benefactor de la patria, en la gran Revista celebrada en Monseñor Nouel, el 28 de junio de 1936. aCiudad Trujillo, República Dominicana :bImprenta Listín Diario,c[1936]. a8 p. :bretr. ;c22 cm.